| 000 | 00734nam a2200193 a 4500 | ||
|---|---|---|---|
| 001 | 000024489 | ||
| 005 | 20200930023211.0 | ||
| 008 | 110128s2010 dr 000 0 spa d | ||
| 020 | _a9789945163438 | ||
| 040 |
_aDO-SdBNP _bspa _cBNPHU |
||
| 082 |
_axxxx _bS678c |
||
| 245 | 0 | 3 |
_aLa sociedad civil dominicana : _bcontribución de su historia / _cAlejandro Paulino ... [et al.] ; coordinadores Rosa Rita Álvarez Khouri ...[et al.]. |
| 260 |
_aSanto Domingo : _bMUDE _bCIES, _c2010. |
||
| 300 |
_a572 p. ; _c23 cm. |
||
| 504 | _aIncluye referencias bibliográficas y notas al pie de las páginas | ||
| 710 | 1 |
_aMujeres en desarrollo dominicana _921075 |
|
| 710 | 1 |
_aCentro de investigaciones y estudios sociales _950189 |
|
| 049 | _aBNPD | ||
| 999 |
_c23982 _d23982 |
||